[Event "Asia Cup"]
[Site "Abu Dhabi"]
[Date "2016.03.29"]
[Round "2.1"]
[White "Khusenkhojaev, Muhammad"]
[Black "Snoper, Rafat"]
[Result "1-0"]
[WhiteElo "2416"]
[BlackElo "1890"]
[PlyCount "81"]
[EventDate "2016.03.28"]
[EventType "team-swiss"]
[EventRounds "9"]
[EventCountry "UAE"]
[SourceTitle "CBM 171 Extra"]
[Source "ChessBase"]
[SourceDate "2016.04.26"]
[SourceVersion "1"]
[SourceVersionDate "2016.04.26"]
[SourceQuality "1"]
[WhiteTeam "Tajikistan"]
[BlackTeam "Palestine"]
[WhiteTeamCountry "TJK"]
[BlackTeamCountry "PLE"]

1. Nf3 d5 2. d4 e6 3. c4 Nf6 4. Nc3 c6 5. e3 Nbd7 6. Qc2 Bd6 7. Bd3 h6 8. 0-0 0-0 9. Rd1 Bb8 10. b3 Re8 11. Bb2 Qc7 12. Rac1 g5 13. g3 g4 14. Nh4 Qd8 15. e4 Nf8 16. e5 N6h7 17. Qe2 Qg5 18. Rc2 a6 19. c5 Bc7 20. f3 gxf3 21. Qxf3 Bd8 22. Rf2 Qg7 23. Kh1 Ng5 24. Qh5 b6 25. Rdf1 bxc5 26. Bc1 Ra7 27. Ng2 cxd4 28. Ne2 Qxe5 29. h4 Qg7 30. hxg5 hxg5 31. Nxd4 Rc7 32. Nf3 e5 33. Nxg5 Bxg5 34. Bxg5 Qh8 35. Qxh8+ Kxh8 36. Rxf7 Rxf7 37. Rxf7 Kg8 38. Rc7 e4 39. Be2 Ne6 40. Rxc6 Kf7 41. Bh5+ 1-0

[Event "Asia Cup"]
[Site "Abu Dhabi"]
[Date "2016.03.28"]
[Round "1.1"]
[White "Snoper, Rafat"]
[Black "Mohammad, Minhaz Uddin"]
[Result "0-1"]
[WhiteElo "1890"]
[BlackElo "2436"]
[PlyCount "126"]
[EventDate "2016.03.28"]
[EventType "team-swiss"]
[EventRounds "9"]
[EventCountry "UAE"]
[SourceTitle "CBM 171 Extra"]
[Source "ChessBase"]
[SourceDate "2016.04.26"]
[SourceVersion "1"]
[SourceVersionDate "2016.04.26"]
[SourceQuality "1"]
[WhiteTeam "Palestine"]
[BlackTeam "Bangladesh"]
[WhiteTeamCountry "PLE"]
[BlackTeamCountry "BAN"]

1. e4 c5 2. Nc3 Nc6 3. Bb5 g6 4. Bxc6 bxc6 5. f4 Bg7 6. Nf3 d5 7. d3 Nf6 8. 0-0 0-0 9. Qe1 dxe4 10. Nxe4 Qb6 11. Qf2 Be6 12. Qxc5 Nxe4 13. Qxb6 axb6 14. dxe4 Bxa2 15. Ne5 c5 16. b3 c4 17. bxc4 Bxe5 18. fxe5 Bxc4 19. Rxa8 Rxa8 20. Rd1 Kg7 21. Be3 b5 22. Bc5 Ra2 23. Bxe7 Rxc2 24. Rd8 Kh6 25. g4 Be6 26. h3 Rc7 27. Bf6 Rc8 28. Rxc8 Bxc8 29. Be7 g5 30. Kf2 Kg6 31. Kf3 h5 32. Kg3 Be6 33. gxh5+ Kxh5 34. Bc5 Bc4 35. Be7 Bd3 36. h4 g4 37. Bc5 Bxe4 38. Bd6 Bf5 39. Be7 Be6 40. Bc5 Kg6 41. Kf4 f5 42. exf6 Kxf6 43. Bb4 Kg6 44. Bc5 Bd7 45. Bb4 Kf6 46. Bc3+ Kf7 47. Bb4 Kg6 48. Ba3 Kh5 49. Be7 Bc6 50. Kg3 Bf3 51. Kf4 Kg6 52. Bb4 Kf7 53. Ba3 Kf6 54. Bb4 Kg6 55. Ba3 Kh5 56. Be7 Bd5 57. Kg3 Bf7 58. Bb4 Be6 59. Bc5 Kg6 60. Kf4 Kh6 61. Bb4 Bd7 62. Bc5 Be8 63. Kxg4 Bd7+ 0-1